|
|
|
|
| LEADER |
00671cam a2200205 7i4500 |
| 001 |
0000017224 |
| 005 |
20260421090000.0 |
| 020 |
|
|
|a 9781639871667
|
| 090 |
0 |
0 |
|a 518.25/WAL
|
| 100 |
1 |
|
|a Walters, Joshua
|
| 245 |
0 |
0 |
|a Discrete mathematics and its applications
|c by Joshua Walters.
|
| 260 |
|
|
|a NY, USA:
|b Murphy & Moore Publishing,
|c c2022.
|
| 300 |
|
|
|a VII, 235 pages:
|b ill. (colour);
|c 23cm.
|
| 500 |
|
|
|a Includes bibliographical references and index
|
| 650 |
|
0 |
|a Mathematics
|
| 650 |
|
0 |
|a Computer science --
|x Mathematics
|
| 650 |
|
0 |
|a Discrete mathematics
|
| 700 |
1 |
|
|a Walters, Joshua
|
| 999 |
|
|
|a 1000027410
|b Book
|c Red Spot
|
| 999 |
|
|
|a 1000027411
|b Book
|c Green Spot
|